Dynamika umělých družic v tíhovém poli Země /

Hlavní autor: Burša, Milan, 1929-2019
Další autoři: Karský, Georgij, 1932-2016, Kostelecký, Jan, 1946-
Jazyk: Čeština
Vydáno: Praha : Academia, 1993
Vydání: 1. vyd.
Témata:
Fyzický popis: 263 s., 12 fotogr. na příl. : obr., tab.
Knihy
Uloženo v:
LEADER 01097nam a2200337 a 4500
001 000002766
003 CZ BrMZK
005 20211110124456.0
007 ta
008 930712s1993 xr f cze d
015 |a cnb000077937 
020 |a 80-200-0176-X  |c 85.00 
040 |a BOA001  |b cze 
080 |a 533.6:629.783  |2 MRF 
080 |a 629.783:533.6  |2 MRF 
100 1 |a Burša, Milan,  |d 1929-2019  |7 jn19981000392 
245 1 0 |a Dynamika umělých družic v tíhovém poli Země /  |c ..., Georgij Karský, Jan Kostelecký 
250 |a 1. vyd. 
260 |a Praha :  |b Academia,  |c 1993 
300 |a 263 s., 12 fotogr. na příl. :  |b obr., tab. 
500 |a Souhrn rus. a angl. 
500 |a Bibliogr. s. 253-255 
653 0 |a umělé družice 
700 1 |a Karský, Georgij,  |d 1932-2016  |7 ola2004235395 
700 1 |a Kostelecký, Jan,  |d 1946-  |7 jn20000620176 
910 |a BOA001  |b 2-0991.343 
962 |a 629.7 
962 |a 533.6 
964 |a Družice umělé - dynamika 
990 |a BK 
996 6 |b 2610001629  |c 2-0991.343  |l MZK  |r Sklad / do 1 hodiny  |n 8  |p p.v.  |w 000002766  |u 000010  |a 1  |e BOA001  |j MZK50  |s P